000 00708nam a2200241Ia 4500
003 OSt
005 20220927112137.0
006 a|||||r|||| 00| 0
007 ta
008 220926b |||||||| |||| 00| 0 eng d
024 _a115473
037 _cReports
040 _aRTL
_cRTL
_beng
041 _2eng
_aeng
082 _a"L:573.236.N7t4, GD"
110 _aPunjab. economic and Statistical organisation
_9351088
245 0 _aReport on the evaluation survey of applied nutriti
300 _a50p.
_ccm.
650 _aMedicine
700 _aPunjab. economic and Statistical organisation
_9351089
942 _h"L:573.236.N7t4, GD"
_cCC
999 _c699846
_d699846